Advance Australia Fair: Australia's National Anthem - Statistics

General Stats
  • This quiz has been taken 1,401 times
    1,224 since last reset
  • The average score is 76 of 108
Answer Stats
Lyrics % Correct
Australia
99%
and
95%
we
94%
Advance
91%
advance
91%
are
91%
For
91%
for
91%
fair!
90%
fair.
90%
free;
90%
land
90%
Our
90%
our
90%
us
90%
all
88%
let
88%
To
88%
to
88%
young
87%
rejoice,
86%
sea;
86%
is
85%
Australians
83%
in
83%
In
83%
by
82%
toil,
81%
toil
81%
soil
80%
home
78%
golden
77%
rich
75%
wealth
75%
beauty
74%
Nature's
74%
with
74%
With
74%
girt
72%
Of
72%
of
72%
rare;
72%
the
68%
gifts
66%
history's
66%
sing,
66%
sing
66%
every
64%
page,
64%
abounds
63%
stage
61%
joyful
59%
strains
52%
we've
49%
We've
49%
southern
48%
Beneath
47%
cross,
47%
radiant
43%
then
42%
hearts
41%
this
41%
hands;
39%
make
38%
We'll
38%
Commonwealth
37%
ours
36%
come
33%
lands;
33%
across
32%
those
32%
seas
29%
share;
29%
Renowned
27%
boundless
26%
plains
25%
who've
25%
combine
19%
courage
18%
No matching quizzes found
Score Distribution
Percent of People with Each Score
Percentile by Number Answered
Your Score History
You have not taken this quiz since the last reset